ปฏิวัติ' 49 (ระเบียนเลขที่ 49974)
| 000 -LEADER | |
|---|---|
| fixed length control field | 00746nam a22002057a 4500 |
| 005 - DATE AND TIME OF LATEST TRANSACTION | |
| control field | 20210325200424.0 |
| 008 - FIXED-LENGTH DATA ELEMENTS--GENERAL INFORMATION | |
| fixed length control field | s2549 th tha d |
| 020 ## - INTERNATIONAL STANDARD BOOK NUMBER | |
| International Standard Book Number | 9749436121 |
| 041 ## - LANGUAGE CODE | |
| Language code of text/sound track or separate title | tha |
| 050 ## - LIBRARY OF CONGRESS CALL NUMBER | |
| Classification number | JQ1745.A1 ก351ป 2549 |
| 100 0# - MAIN ENTRY--PERSONAL NAME | |
| Personal name | กองบรรณาธิการ ไอ.เอ็น.เอ็น |
| 245 10 - TITLE STATEMENT | |
| Title | ปฏิวัติ' 49 |
| 260 3# - PUBLICATION, DISTRIBUTION, ETC. | |
| Place of publication, distribution, etc. | กรุงเทพฯ : |
| Name of publisher, distributor, etc. | ร่วมด้วยช่วยกัน, |
| Date of publication, distribution, etc. | 2549 |
| 300 ## - PHYSICAL DESCRIPTION | |
| Extent | 227 หน้า : |
| Other physical details | ภาพประกอบ ; |
| Dimensions | 21 ซม. |
| 650 04 - SUBJECT ADDED ENTRY--TOPICAL TERM | |
| Topical term or geographic name entry element | ปฏิวัติ 2549 |
| 650 04 - SUBJECT ADDED ENTRY--TOPICAL TERM | |
| Topical term or geographic name entry element | ไทย -- การเมืองและการปกครอง -- 2549 |
| 850 ## - HOLDING INSTITUTION | |
| Holding institution | NALT |
| 942 ## - ADDED ENTRY ELEMENTS (KOHA) | |
| Koha item type | General Book |
| 997 ## - | |
| -- | 000000000049974 |
| Withdrawn status | Lost status | Damaged status | Not for loan | Collection code | Home library | Current library | Shelving location | Cost, normal purchase price | Total Checkouts | Full call number | Barcode | Date last seen | Copy number | Cost, replacement price | Price effective from | Koha item type | Source of classification or shelving scheme | Date acquired |
|---|---|---|---|---|---|---|---|---|---|---|---|---|---|---|---|---|---|---|
| Not for Loan | General Book collection | National Assembly Library of Thailand | National Assembly Library of Thailand | Parliament Building 2 | 180.00 | JQ 1745.A1 ก351ป 2549 | 3961164808 | 09/06/2017 | ฉ. 4 | 230.00 | 09/06/2017 | General Book | ||||||
| Not for Loan | General Book collection | National Assembly Library of Thailand | National Assembly Library of Thailand | Parliament Building 2 | 180.00 | JQ 1745.A1 ก351ป 2549 | 3961164807 | 09/06/2017 | ฉ. 3 | 230.00 | 09/06/2017 | General Book | ||||||
| General Book collection | National Assembly Library of Thailand | National Assembly Library of Thailand | 180.00 | JQ 1745.A1 ก351ป 2549 | 3961164806 | 09/06/2017 | ฉ. 2 | 230.00 | 09/06/2017 | General Book | ||||||||
| General Book collection | National Assembly Library of Thailand | National Assembly Library of Thailand | 180.00 | JQ 1745.A1 ก351ป 2549 | 3961164805 | 09/06/2017 | ฉ. 1 | 230.00 | 09/06/2017 | General Book | ||||||||
| Senate | National Assembly Library of Thailand | National Assembly Library of Thailand | General Book shelves | JQ 1745.A1 ก351ป 2549 | 0100004247001 | 16/09/2022 | 11/04/2022 | General Book | Library of Congress Classification | 11/04/2022 |
